| 000 | 00446nam a22001577a 4500 | ||
|---|---|---|---|
| 020 | _a0072957468 | ||
| 040 | _cNUST | ||
| 082 | _a332.1068 SAU | ||
| 100 |
_aSaunders, Anthony _9112337 |
||
| 110 |
_a Cornett, Marcia Millon _9112338 |
||
| 245 |
_aFinancial Institutions Management; _bA Risk Management Approach |
||
| 250 | _a5th Edition | ||
| 260 |
_aNew York; _bMcGraw Hill, _c2006. |
||
| 650 |
_aFinancial Management _960196 |
||
| 942 |
_2ddc _cBK |
||
| 999 |
_c594762 _d594762 |
||